World's first University: Takshila/ (Record no. 190471)

MARC details
000 -LEADER
fixed length control field 00519nam a22001817a 4500
005 - DATE AND TIME OF LATEST TRANSACTION
control field 20220726144838.0
010 ## - LCCN (DPL NO)
LC control number ENG-133946
020 ## - INTERNATIONAL STANDARD BOOK NUMBER
Terms of availability 575.00
International Standard Book Number 978-81-925571-1-3
035 ## - SYSTEM CONTROL NUMBER
System control number EN-117478
037 ## - SOURCE OF ACQUISITION
Source of stock number/acquisition DBAD/PUB
082 ## - DEWEY DECIMAL CLASSIFICATION NUMBER
Classification number 378
100 ## - MAIN ENTRY--PERSONAL NAME
Personal name Jha, Vijay Nath
245 ## - TITLE STATEMENT
Title World's first University: Takshila/
Statement of responsibility, etc Vijay Nath Jha
260 ## - PUBLICATION, DISTRIBUTION, ETC. (IMPRINT)
Place of publication, distribution, etc Allahabad
Name of publisher, distributor, etc Anurag Publication
Date of publication, distribution, etc 2016
270 ## - ADDRESS
Address 116/70, Lukerganj
City Allahabad
Postal code 211001
300 ## - PHYSICAL DESCRIPTION
Extent 192p.
Dimensions 21cm(hbk)
942 ## - ADDED ENTRY ELEMENTS (KOHA)
Source of classification or shelving scheme Dewey Decimal Classification
Item type English Books
Classification part 378
Call number suffix JHA
Holdings
Withdrawn status Lost status Not for loan Collection code Home library Current library Date acquired Source of acquisition Cost, normal purchase price Full call number Barcode Copy number Cost, replacement price Koha item type
      Non-fiction Ashok Vihar Ashok Vihar 26/07/2022 DBAD/PUB 575.00 378 JHA EN-117478 1 575.00 English Books

© Delhi Public Library
Hit Counter
free hit counter